00716nam a2200193Ia 4500008004100000100002100041245018200062260001100244300002000255440003700275521001000312650001700322650002500339650001400364650003400378942000700412999001900419952008400438140626s9999 xx 000 0 und d aGrecia, Anthony. a" It makes me what I am" :binterpretative phenomenological investigation of the social emotional world of an adolescent with Asperger's Syndrome /cAnthony Grecia ... [et al.]. cc2011. a44 : 1, page 90 aPhilippine Journal of Psychology aPSYCH aAdolescence. aAsperger's syndrome. aIdentity. aInterpretative phenomenology. cSE c121370d121370 001040aCLbCLcPERd2014-06-26l0pS0478r2014-06-26 00:00:00w2014-06-26ySE